00646nam a2200169 a 4500008004100000050002200041100001600063245011300079260004500192300001500237350000900252500006000261650002600321650003000347650004400377650005500421061121s1981 ||||||||||||||||| || u aGOV.ZAM(02)1981/9 aBanda, J. P10aPopulation growth in Zambia since Independence and it's impact on socio-economic developmentcby J. P. Banda aLusakabCentral Statistical Officec1981 a20p.; ill. a0.00 aa paper prepared for the "seminar for mass-media Staff" 3aP0PULATION STATISTICS aPOPULATION GROWTH--ZAMBIA aECONOMIC AND SOCIAL DEVELOPMENT--ZAMBIA aPOPULATION--ECONOMIC ASPECTS--CASE STUDIES--ZAMBIA